Bhārata kā sāṃskr̥tika itihāsa. (Record no. 73081)

MARC details
000 -LEADER
fixed length control field 00743cam a22002531 4500
001 - CONTROL NUMBER
control field sa 67002160
003 - CONTROL NUMBER IDENTIFIER
control field DLC
005 - DATE AND TIME OF LATEST TRANSACTION
control field 20260227112328.0
008 - FIXED-LENGTH DATA ELEMENTS--GENERAL INFORMATION
fixed length control field 870331s1962 ii ab b 000 0 hin
010 ## - LIBRARY OF CONGRESS CONTROL NUMBER
LC control number sa 67002160
035 ## - SYSTEM CONTROL NUMBER
System control number (OCoLC)15468842
040 ## - CATALOGING SOURCE
Original cataloging agency DLC
Transcribing agency NRU
Modifying agency NRU
-- DLC
042 ## - AUTHENTICATION CODE
Authentication code premarc
043 ## - GEOGRAPHIC AREA CODE
Geographic area code a-ii---
050 00 - LIBRARY OF CONGRESS CALL NUMBER
Classification number DS423
Item number .V374 1962
100 1# - MAIN ENTRY--PERSONAL NAME
Personal name Vedālaṅkāra, Haridatta,
Dates associated with a name 1917-
245 10 - TITLE STATEMENT
Title Bhārata kā sāṃskr̥tika itihāsa.
Statement of responsibility, etc. [Lekhaka] Haridatta Vedālaṅkāra.
250 ## - EDITION STATEMENT
Edition statement 3. saṃskaraṇa.
260 ## - PUBLICATION, DISTRIBUTION, ETC.
Place of publication, distribution, etc. Dillī,
Name of publisher, distributor, etc. Ātmārāma,
Date of publication, distribution, etc. 1962.
300 ## - PHYSICAL DESCRIPTION
Extent 281 p.
Other physical details illus., fold. map.
Dimensions 23 cm.
500 ## - GENERAL NOTE
General note In Hindi.
504 ## - BIBLIOGRAPHY, ETC. NOTE
Bibliography, etc. note Bibliography: p. [262]-263.
651 #0 - SUBJECT ADDED ENTRY--GEOGRAPHIC NAME
Geographic name India
General subdivision Intellectual life.

No items available.

Powered by Koha